| 000 | 00929nam a2200241Ia 4500 | ||
|---|---|---|---|
| 001 | 11032 | ||
| 003 | GE_BSU | ||
| 008 | 181216s||||||||xx |||||||||||||| ||und|| | ||
| 020 | _a9785160057477 | ||
| 040 | _cGE_BSU | ||
| 080 | _a351(091)(075.8) | ||
| 100 | _aКабашов,С.Ю. | ||
| 245 | _aГосударственная Служба:Основные этапы развития как науки и профессии от древнего мира до начала ХХ века. | ||
| 245 | _bУчеб.пособие. | ||
| 245 | _cРед.Е.Г.Иванова. | ||
| 260 | _aМосква | ||
| 260 | _bИнфра-М. | ||
| 260 | _c2013. | ||
| 300 | _a287стр,20см. | ||
| 541 | _h28л. | ||
| 653 | _aГосударственная Служба:Основные этапы развития как науки и профессии от древнего мира до начала ХХ века. | ||
| 942 | _cBK | ||
| 999 |
_c44274 _d44274 |
||